000 00556nam a2200205 a 4500
001 3954
003 CO-ViMGA
008 141112s2004 ck r 000 u spa d
040 _aCO-ViMGA
_bspa
_cCO-ViMGA
082 0 4 _aR510 P173f
100 1 _aPareto, Luis
245 1 0 _aFormulario de matemática para mecánicos
260 _aBarcelona :
_bCEAC,
_c1982
300 _a218 p
490 _aFormularios CEAC de mecánica
590 _aDatos de inventario : 05279
650 1 4 _aLOGARITMOS
650 1 4 _aMATEMATICA - FORMULARIOS
_954217
942 _2ddc
_cBK
999 _c15972
_d15972